Catálogo
 En Linea

Imparcialidad periodística en Santo Domingo / (Registro nro. 16691)

Detalles MARC
000 -CABECERA
campo de control de longitud fija 00611nam a2200205 a 4500
001 - NÚMERO DE CONTROL
campo de control 000017165
003 - IDENTIFICADOR DEL NÚMERO DE CONTROL
campo de control OSt
005 - FECHA Y HORA DE LA ÚLTIMA TRANSACCIÓN
campo de control 20201030095950.0
008 - DATOS DE LONGITUD FIJA--INFORMACIÓN GENERAL
campo de control de longitud fija 100319s1975 dr 000 0 spa d
040 ## - FUENTE DE LA CATALOGACIÓN
Centro catalogador/agencia de origen DO-SdBNP
Lengua de catalogación spa
Centro/agencia transcriptor BNPHU
082 ## - NÚMERO DE LA CLASIFICACIÓN DECIMAL DEWEY
Número de clasificación xxx
Número de documento/Ítem H557i
100 1# - ENTRADA PRINCIPAL--NOMBRE DE PERSONA
Nombre de persona Hernández Fortuna, Arsenio
9 (RLIN) 37797
245 10 - MENCIÓN DE TÍTULO
Título Imparcialidad periodística en Santo Domingo /
Mención de responsabilidad, etc. Arsenio Hernández Fortuna.
260 ## - PUBLICACIÓN, DISTRIBUCIÓN, ETC.
Lugar de publicación, distribución, etc. Santo Domingo :
Nombre del editor, distribuidor, etc. Taller,
Fecha de publicación, distribución, etc. 1975.
300 ## - DESCRIPCIÓN FÍSICA
Extensión 224 p. ;
Dimensiones 23 cm.
490 1# - MENCIÓN DE SERIE
Mención de serie Biblioteca Taller
Designación de volumen o secuencia 54
590 ## - NOTA LOCAL (RLIN)
Nota local Inventariado, 2020/ YL
830 #0 - PUNTO DE ACCESO ADICIONAL DE SERIE-TÍTULO UNIFORME
Título uniforme Biblioteca Taller
Número de parte o sección de la obra 54
9 (RLIN) 37798
942 ## - ELEMENTOS DE PUNTO DE ACCESO ADICIONAL (KOHA)
Fuente del sistema de clasificación o colocación Dewey Decimal Classification
Tipo de ítem Koha Libro
Existencias
Estado de retiro Estado de pérdida Fuente del sistema de clasificación o colocación Restricciones de uso No para préstamo Código de colección Localización permanente Ubicación/localización actual Ubicación en estantería Fecha de adquisición Fuente de adquisición Número de inventario Total de préstamos Signatura topográfica completa Código de barras Fecha visto por última vez Precio válido a partir de Tipo de ítem Koha Nota pública Número de copia
    Dewey Decimal Classification Excluido de préstamo Excluido de préstamo Patrimonio Dominicano Patrimonio Dominicano Patrimonio Dominicano Depósito 19.03.2010 Donación LF1   xxx H557i 17165-10 25.06.2020 25.06.2020 Libro y Folleto Colección Patrimonio Dominicano Perteneció a la bilbioteca personal de Germán Emilio Ornes.  
    Dewey Decimal Classification   Excluido de préstamo Patrimonio Dominicano Patrimonio Dominicano Patrimonio Dominicano En catalogación 08.08.2011 Donación LF1   xxx H557i 17165-20 25.06.2020 25.06.2020 Libro y Folleto Colección Patrimonio Dominicano Perteneció a la biblioteca personal de Germán Emilio Ornes. e. 2
    Dewey Decimal Classification Préstamo en sala Préstamo en sala Dominicana de Servicio Patrimonio Dominicano Patrimonio Dominicano En catalogación 30.10.2020 Donación LF1   xxx H557i 2020-0277 30.10.2020 25.06.2020 Libro y Folleto Colección Dominicana de Servicio   e. 3
    Dewey Decimal Classification Préstamo en sala Préstamo en sala Dominicana de Servicio Patrimonio Dominicano Patrimonio Dominicano En catalogación 30.10.2013 Flia. Reyes Duluc LF1   xxx H557i 2020-0278 30.10.2020 25.06.2020 Libro y Folleto Colección Dominicana de Servicio   e. 4
    Dewey Decimal Classification Préstamo en sala Préstamo en sala Dominicana de Servicio Patrimonio Dominicano Patrimonio Dominicano En catalogación 30.04.1975 Deposito Legal LF1   xxx H557i 2020-0276 30.10.2020 25.06.2020 Libro y Folleto Colección Dominicana de Servicio   e. 5

Con tecnología Koha